Word Ladder: Asian Capital Quiz Stats

 Plays Quiz not verified by Sporcle

Score 0/7 Timer 00:30
0 Plays Today
Hint 3-Letter Words % Correct
An adult male person◄MAN►
96.8%
A piece of fabric used as a protective covering on a floorMAT
95.2%
Aloof domesticated mammal, hunts mice, rats and birds◄CAT►
90.3%
To convert a hide into leather, or what you get after laying in the sunTAN
87.1%
Unit of weight, equivalent to 2000 pounds in the USTON
87.1%
In addition; also; furthermoreTOO
80.6%
Said two times, baby talk for feces◄DOO►
59.7%

You're not logged in!

Compare scores with friends on all Sporcle quizzes.
OR
Log In

You Might Also Like...

Show Comments

Extras

Top Quizzes Today


Score Distribution

Your Account Isn't Verified!

In order to create a playlist on Sporcle, you need to verify the email address you used during registration. Go to your Sporcle Settings to finish the process.

Report this User

Report this user for behavior that violates our Community Guidelines.

Details: